000 00491nam a2200193 i 4500
001 bg
100 1 _aBASZTURA, Czesław
245 0 _aRozmawiać z komputerem /
_cCzesław Basztura.
260 _aWrocław :
_b"Format",
_c1992.
300 _a329, [1] s. :
_brys. ;
_c24 cm.
504 _aBibliogr. s. 313-[330].
020 _a8390085909
040 _cBPK
041 _apol
080 _a534.8:004
920 _a83-900859-0-9
942 _cKS
008 s pl f |000 0 pol
999 _c5607
_d5607
856 _uhttp://koha.tu.koszalin.pl/cgi-bin/koha/opac-detail.pl?biblionumber=5607
_yKatalog online BPK